[Event "Ruhrgebiet Verbandsliga Gruppe 1 1718"]
[Site "Germany"]
[Date "2018.03.18"]
[Round "8"]
[White "Biermann, Klaus"]
[Black "Stadel, Michael"]
[Result "0-1"]
[WhiteElo "1917"]
[BlackElo "1620"]
[PlyCount "90"]
[EventDate "2017.09.17"]
[EventType "team-tourn"]
[EventRounds "9"]
[EventCountry "GER"]
[SourceTitle "EXT 2022"]
[Source "ChessBase"]
[SourceDate "2021.10.06"]
[SourceVersion "1"]
[SourceVersionDate "2021.10.06"]
[SourceQuality "1"]
[WhiteTeam "Essen Werden"]
[BlackTeam "Muelheim Nord IV"]
[WhiteTeamCountry "GER"]
[BlackTeamCountry "GER"]

1. c4 e5 2. Nc3 f5 3. g3 Nf6 4. Bg2 c6 5. e3 d6 6. Nge2 Be7 7. 0-0 0-0 8. b3 Be6 9. Bb2 Bf7 10. d3 Nbd7 11. e4 fxe4 12. dxe4 Nc5 13. Qd2 Bg6 14. f3 Nh5 15. Rad1 Ne6 16. f4 exf4 17. gxf4 Nc5 18. f5 Bf7 19. Qc2 Qc7 20. Rf3 Bf6 21. Ng3 Be5 22. Nf1 Nf4 23. Rf2 Bh5 24. Rdd2 Rf6 25. Nd1 Rh6 26. Bxe5 dxe5 27. b4 Nd7 28. Ng3 Nf6 29. Ne3 Ng4 30. Nxg4 Bxg4 31. c5 Qe7 32. Bf1 Qh4 33. Rd6 Rxd6 34. cxd6 Rd8 35. Rd2 Qf6 36. Qc5 a6 37. Bc4+ Kh8 38. a4 Qg5 39. Rc2 Nh3+ 40. Kf1 Qf4+ 41. Ke1 Qf3 42. Be2 Qf4 43. Bxg4 Qxg4 44. Qxe5 Nf4 45. f6 Nd3+ 0-1

[Event "Ruhrgebiet Verbandsklasse Gruppe 2 1415"]
[Site "Germany"]
[Date "2015.01.18"]
[Round "5.8"]
[White "Stadel, Michael"]
[Black "Hoffmann, Michael"]
[Result "1/2-1/2"]
[WhiteElo "1603"]
[BlackElo "1409"]
[PlyCount "99"]
[EventDate "2014.09.21"]
[EventType "team-tourn"]
[EventRounds "9"]
[EventCountry "GER"]
[SourceTitle "EXT 2022"]
[Source "ChessBase"]
[SourceDate "2021.10.06"]
[SourceVersion "1"]
[SourceVersionDate "2021.10.06"]
[SourceQuality "1"]
[WhiteTeam "Muelheim Nord V"]
[BlackTeam "Bochum SC an der Uni"]
[WhiteTeamCountry "GER"]
[BlackTeamCountry "GER"]

1. e4 c6 2. d4 d5 3. exd5 cxd5 4. Bd3 Nf6 5. c3 Bg4 6. Qb3 b6 7. Bf4 e6 8. Nd2 Be7 9. Ngf3 Nbd7 10. 0-0 0-0 11. h3 Bh5 12. Rae1 Re8 13. Qc2 Bg6 14. Bxg6 hxg6 15. g4 Rc8 16. Ng5 Nxg4 17. Nxe6 fxe6 18. hxg4 Bg5 19. Be5 Nxe5 20. dxe5 Rf8 21. Re2 Qe8 22. Qd3 Qf7 23. Kg2 Bxd2 24. Rxd2 Rc4 25. f3 Qf4 26. Rdf2 Kf7 27. b3 Rcc8 28. Qd4 Qg5 29. Rh1 Rh8 30. Rff1 Rh4 31. Rxh4 Qxh4 32. Qf4+ Kg8 33. Rh1 Qd8 34. Rc1 Qc7 35. Qe3 Qc5 36. Kf2 d4 37. Qe4 dxc3+ 38. Kg3 Rd8 39. f4 a5 40. Qf3 c2 41. Qe4 Qc3+ 42. Kh4 Rc8 43. Qxg6 Qc6 44. f5 exf5 45. Qxc6 Rxc6 46. gxf5 Kf7 47. Kg4 g6 48. Kf4 gxf5 49. Kxf5 b5 50. Ke4 1/2-1/2